000 00706nam a2200193 a 4500
008 120416s2005 ||||||||||||||||| || u
020 _a0821360175
050 _aIBRD(06)CFR/2005/1
110 _aWorld Bank
245 1 0 _aPrivate solutions for infrastructure in Angola: a Country framework report
260 _aWashington, D. C.:
_bWorld Bank
_c2005
300 _a140p. : ill.
350 _a0.00
490 _aCountry framework report
650 _aINFRASTRUCTURE
650 _aANGOLA--ECONOMIC POLICY
650 _aINFRASTRUCTURE--ECONOMICS--ANGOLA
995 _D0.00
_FCBU-MAIN LIBRARY (Kitwe)
_H1
_I0.00
_M1
_UAVAILABLE
_ZInternational Publications
999 _c54696
_d54696